Greatest empires by ethnicities - Statistics

General Stats
  • This quiz has been taken 11 times
    8 since last reset
  • The average score is 14 of 118
Answer Stats
Ethnicity Empire % Correct
English British Empire
100%
Russian Russian empire
100%
Mongol Mongol Empire
88%
Spanish Spanish Empire
75%
Turkish Ottoman Empire
63%
Macedonians Macedonian Empire
50%
Roman Roman Empire
50%
Persian Achaemenid Empire
38%
Dutch Dutch Empire
38%
Arab Abbasid Caliphate
25%
Roman Byzantine Empire
25%
French First French Empire
25%
Indian Gupta Empire
25%
Germanic Holy Roman Empire
25%
Turkic Hunnic Empire
25%
Quechua Inca Empire
25%
Khmer Khmer Empire
25%
Turco-Mongol Mughal Empire
25%
Polish and Lithuanian Polish–Lithuanian Commonwealth
25%
Han Qin dynasty
25%
Manchu Qing Dynasty
25%
Macedonian Seleucid Empire
25%
Han Tang dynasty
25%
Tibetan Tibetan Empire
25%
Arab Umayyad Caliphate
25%
Flemish/Walloon Belgian colonial empire
13%
Mongol Chagatai Khanate
13%
Danish Danish Empire
13%
Turkic Delhi Sultanate
13%
Han Eastern Han dynasty
13%
Han Eastern Jin dynasty
13%
Portuguese Empire of Brazil
13%
Japanese Empire of Japan
13%
Arab Fatimid Caliphate
13%
Spanish First Mexican Empire
13%
Turkic First Turkic Khaganate
13%
Mongol Golden Horde Khanate
13%
Mongol Ilkhanate
13%
Italian Italian Empire
13%
Han Jin dynasty
13%
Russian Kievan Rus
13%
Maratha Maratha Empire
13%
Indian Maurya Empire
13%
Han Ming dynasty
13%
Han Northern Song dynasty
13%
Arab Rashidun Caliphate
13%
Persian Sasanian Empire
13%
Scythian Scythia
13%
French Second French colonial empire
13%
Han Southern Song dynasty
13%
Han Sui dynasty
13%
Turkic Timurid Empire
13%
Han Western Han dynasty
13%
Han Western Jin dynasty
13%
Roman Western Roman Empire
13%
Han Xin dynasty
13%
Turkic/Mongol Xiongnu Empire
13%
Mongol Yuan dynasty
13%
Berber Almohad Caliphate
0%
Berber Almoravid dynasty
0%
Kurdish Ayyubid dynasty
0%
Daylamites Buyid dynasty
0%
Han Cao Wei
0%
Mongol Dzungar Khanate
0%
Indian Eastern Maurya Kingdom
0%
Turkic Eastern Turkic Khaganate
0%
Han Eastern Wu
0%
French First French colonial empire
0%
Di Former Qin
0%
Xiognu Former Zhao
0%
Germanic Francia
0%
German German colonial empire
0%
Turkic Ghaznavid Empire
0%
Iranian Ghurid dynasty
0%
Turk Great Seljuq Empire
0%
Macedonian Greco-Bactrian Kingdom
0%
Indian Gurjara-Pratihara dynasty
0%
Turkic/Iranian Hephthalite Empire
0%
Greco-Macedonian Indo-Greek Kingdom
0%
Scythian Indo-Scythian Kingdom
0%
Turkic Khazar Khanate
0%
Turkic Khwarazmian Empire
0%
Ethio-Semitic Kingdom of Aksum
0%
Yuezhi Kushan Empire
0%
Jie Later Zhao
0%
Han Liang dynasty
0%
Khitan Liao dynasty
0%
Han Liu Song dynasty
0%
Mandé Mali Empire
0%
Turkic Mamluk Sultanate
0%
Mede Median Empire
0%
Assyrian Neo-Assyrian Empire
0%
Egyptian New Kingdom of Egypt
0%
Han Northern Qi
0%
Xianbei Northern Wei
0%
Turkic/Mongol Northern Xiongnu
0%
Mongol Northern Yuan dynasty
0%
Xianbei Northern Zhou
0%
Persian Parthian Empire
0%
Greco-Macedonian Ptolemaic Kingdom
0%
Indian Pushyabhuti dynasty
0%
Turkic Qajar Empire
0%
Khitans Qara Khitai
0%
Mongol Rouran Khaganate
0%
Kurdish Safavid empire
0%
Persian Samanid Empire
0%
Portuguese Second Portuguese Empire
0%
Han Shang dynasty
0%
Han Shu Han
0%
Malay Srivijaya
0%
Persian Tahirid dynasty
0%
Portuguese Third Portuguese Empire
0%
English United States
0%
Turkic Uyghur Khaganate
0%
Turkic Western Turkic Khaganate
0%
Tangut Western Xia
0%
Turkic/Mongol Western Xiongnu
0%
Mongol Xianbei state
0%
No matching quizzes found
Score Distribution
Percent of People with Each Score
Percentile by Number Answered
Your Score History
You have not taken this quiz since the last reset